|
|
|
|
| LEADER |
01429njm a2200421 a 4500 |
| 001 |
000573048 |
| 003 |
CZ BrMZK |
| 005 |
20011017111221.0 |
| 008 |
010825s1998 xr f cze d |
| 028 |
0 |
3 |
|a AA 0106-4 331
|b Aplaus
|
| 040 |
|
|
|a BOA001
|b cze
|
| 110 |
2 |
|
|a Voraři (hudební skupina)
|7 ko2003181638
|4 prf
|
| 245 |
1 |
0 |
|a Jen si dej--
|h [zvukový záznam] /
|c Voraři + Český šramlík
|
| 246 |
3 |
3 |
|a V jednom krásném rozmaru
|
| 246 |
3 |
3 |
|a Cizina nás vábí
|
| 246 |
3 |
3 |
|a Spanilé děvčátko
|
| 246 |
3 |
3 |
|a Teče potůček bublavý
|
| 246 |
3 |
3 |
|a Sbohem milko
|
| 246 |
3 |
3 |
|a Červená růžičko
|
| 246 |
3 |
3 |
|a Lísteček dubový
|
| 246 |
3 |
3 |
|a Mám já zahrádečku
|
| 246 |
3 |
3 |
|a Za kovárnou
|
| 246 |
3 |
3 |
|a Ještě husy nekejhaly
|
| 246 |
3 |
3 |
|a Žili dva bratři
|
| 246 |
3 |
3 |
|a Ta Třeboňská brána
|
| 246 |
3 |
3 |
|a Co jsem rekl to udělám
|
| 246 |
3 |
3 |
|a Vstávej má milá
|
| 260 |
|
|
|a Křenovice :
|b Aplaus,
|c c1998
|
| 300 |
|
|
|a 1 MC :
|b Dolby systém +
|e 1 složený list
|
| 490 |
1 |
|
|a Heligonky
|
| 500 |
|
|
|a Nahráno neuvedeno
|
| 500 |
|
|
|a Durata neuvedeny
|
| 505 |
2 |
|
|a V jednom krásném rozmaru, Cizina nás vábí, Spanilé děvčátko ... [et al.]
|
| 710 |
2 |
|
|a Český šramlík (hudební skupina)
|7 mzk2003195171
|4 prf
|
| 830 |
|
0 |
|a Heligonky
|
| 910 |
|
|
|a BOA001
|b KZ-0009.787
|
| 990 |
|
|
|a AV
|
| 996 |
6 |
|
|b 261H010602
|c KZ-0009.787
|l MZK
|r Sklad / do 24 hodin
|n 0
|w 000573048
|u 000010
|a 1
|e BOA001
|j MZK50
|s P
|